Asian Capitals - Statistics

General Stats
  • This quiz has been taken 3,621 times
    3,602 since last reset
  • The average score is 36 of 48
Answer Stats
Country Capital % Correct
China Beijing
94%
Japan Tokyo
93%
Afghanistan Kabul
92%
India New Delhi
91%
Israel Jerusalem
90%
South Korea Seoul
90%
Singapore Singapore
89%
Indonesia Jakarta
88%
Iraq Baghdad
87%
Thailand Bangkok
87%
Turkey Ankara
86%
Kuwait Kuwait City
86%
Philippines Manila
86%
Iran Tehran
86%
Vietnam Hanoi
84%
Pakistan Islamabad
84%
North Korea P'yongyang
84%
Taiwan Taipei
83%
Syria Damascus
82%
Lebanon Beirut
80%
United Arab Emirates Abu Dhabi
79%
Malaysia Kuala Lumpur
79%
Azerbaijan Baku
78%
Saudi Arabia Riyadh
78%
Jordan Amman
77%
Bangladesh Dhaka
77%
Qatar Doha
77%
Nepal Kathmandu
77%
Cyprus Nicosia
76%
Mongolia Ulaanbaatar
71%
Armenia Yerevan
71%
Kazakhstan Astana
69%
East Timor Dili
69%
Oman Muscat
69%
Cambodia Phnom Penh
69%
Georgia Tbilisi
69%
Maldives Male
68%
Yemen Sana'a
67%
Sri Lanka Colombo/Sri Jayawardenapura Kotte
65%
Uzbekistan Tashkent
63%
Bahrain Manama
62%
Laos Vientiane
60%
Kyrgyzstan Bishkek
59%
Bhutan Thimphu
57%
Turkmenistan Ashgabat
55%
Tajikistan Dushanbe
53%
Brunei Bandar Seri Begawan
44%
Myanmar Naypyidaw
42%
No matching quizzes found
Score Distribution
Percent of People with Each Score
Percentile by Number Answered
Your Score History
You have not taken this quiz since the last reset